000 01584nam a2200397 c 4500
999 _c450624
_d450624
003 BLK
005 20220324124429.0
008 200311b bul|||||r ||||||| ||bul||
010 _aKNG00095558RET
040 _aBLK
041 _aDEU
_cDEU
080 _aНемски език (високонемски, стандартен писмен)
_b811.112.2
_z811.112.2(075.8)
100 1 _aEssadow, Lazzet
_eпърви автор
_9483378
139 _aEssadow, Lazzet
245 1 0 _aSachditialoge und Ubunger
_b[Уч. помагало за студентите от ВИИ К. Маркс - София]
_cLazzet Essadow, Wioleta Mitrewa, Petko Mutaftschiew;
257 _aBGR
260 _aСофия
_bВИИ К. Маркс
_c1981
300 _a186 с.
_c22 см
380 _a80
650 0 _9262617
_aНемски език
653 7 _aезикознание
_9185931
700 1 _aMitrewa, Wioleta
_eсъавт.
_918907
700 1 _aMutaftschiew, Petko
_eсъавт.
_9468797
852 _aЦб 113443
_bЦб
942 _cKNG
_n0
_2udc
_s1
944 _aCR
_c2022-03-24
_kВ. т.